000 01457cam a2200349 i 4500
003 EG-GICUC
005 20260309100050.0
008 130715s2009 nyu fr 000 0 eng d
020 _a9781599416458
020 _a159941645X
040 _aYDXCP
_beng
_cYDXCP
_dEG-GICUC
_dBTCTA
_dCLL
_dRAU
_dOCLCQ
_dSLU
_dDLC
_erda
050 0 0 _aK7040
_b.H39 2009
082 0 4 _a341.84
_221
092 0 4 _221
099 _aLaw 12 2009
100 1 _aHay, Peter,
_d1935-
245 1 0 _aComparative conflict of laws :
_bconventions, regulations and codes /
_cby Peter Hay, Russell J. Weintraub, Patrick J. Borchers.
264 _aNew York, NY :
_bFoundation Press,
_c2009.
300 _avi, 378 pages ;
_c26 cm.
336 _atext
_2rdacontent
337 _aComputer
_2rdamedia
338 _aOnline Resource
_2rdacarrier
504 _aBibliography: pages 200-250.
505 0 _aPart I. United States private international law codifications -- Part II. Conflicts law in the European Union -- Part III. Hague Conference on Private International Law conventions -- Part IV. Private international law codifications of selected European nations -- Part V. Private international law codifications of selected other nations.
650 0 _aConflict of laws.
650 0 _aComparative law.
700 1 _aWeintraub, Russell J.
700 1 _aBorchers, Patrick J.
856 4 0 _uhttps://fll.law.cu.edu.eg/fulltext/bks/ENGB12-00071.pdf
905 _a10
942 _2ddc
_cBK
_e21
_n0
999 _c65885
_d65885